| Tag |
First Indicator |
Second Indicator |
Subfields |
| LEADER |
00000cam a2200000 4500 |
| 001 |
in00000053905 |
| 005 |
20151008050911.0 |
| 008 |
750122s1961 nyu 00100 eng u |
| 010 |
|
|
|a 61010715
|
| 035 |
|
|
|a (OCoLC)01148688
|
| 035 |
|
|
|9 AAG4144AM
|
| 040 |
|
|
|c OUN
|d TXA
|d UtOrBLW
|
| 049 |
|
|
|a TXAS [mil]
|
| 050 |
0 |
0 |
|a UA23
|b .D45 1961
|
| 082 |
0 |
|
|a 355.0973
|
| 092 |
|
|
|a 355
|b D452a
|
| 100 |
1 |
|
|a De Seversky, Alexander P.
|q (Alexander Procofieff),
|d 1894-1974.
|
| 245 |
1 |
0 |
|a America: too young to die! /
|c by Alexander P. De Seversky.
|
| 250 |
|
|
|a 1st ed.
|
| 264 |
|
1 |
|a New York :
|b McGraw-Hill,
|c [1961]
|
| 264 |
|
4 |
|c ©1961
|
| 300 |
|
|
|a 237 pages ;
|c 21 cm.
|
| 336 |
|
|
|a text
|b txt
|2 rdacontent
|
| 337 |
|
|
|a unmediated
|b n
|2 rdamedia
|
| 338 |
|
|
|a volume
|b nc
|2 rdacarrier
|
| 500 |
|
|
|a Includes index.
|
| 650 |
|
0 |
|a Nuclear warfare.
|
| 650 |
|
0 |
|a Air power.
|
| 651 |
|
0 |
|a United States
|x Military policy.
|
| 651 |
|
0 |
|a United States
|x Defenses.
|
| 999 |
|
|
|a MARS
|
| 999 |
f |
f |
|s 9d10d33c-4c3a-343c-b5e2-4aba2b8db0f2
|i 2dfdd5de-d97d-3123-91b4-2a3c87f5bd79
|t 0
|
| 952 |
f |
f |
|p noncirc
|a Texas A&M University
|b College Station
|c Cushing Memorial Library & Archives
|d Cushing: Ragan Military (Does not check out)
|t 0
|e UA23 .D45 1961
|h Library of Congress classification
|i unmediated -- volume
|
| 998 |
f |
f |
|a UA23 .D45 1961
|t 0
|l Cushing: Ragan Military (Does not check out)
|